NASA fiscal year 2010 budget request : hearing before the Subcommittee on Science and Space of the Committee on Commerce, Science, and Transportation, United States Senate, One Hundred Eleventh Congress, first session, May 21, 2009.

Bibliographic Details
Corporate Author: United States. Congress. Senate. Committee on Commerce, Science, and Transportation. Subcommittee on Science and Space
Format: Government Document eBook
Language:English
Published: Washington : U.S. G.P.O., 2010.
Series:S. hrg. ; 111-443
Subjects:
Online Access:Electronic resource (PDF)

MARC

Tag First Indicator Second Indicator Subfields
LEADER 00000cam a22000001a 4500
001 in00004100439
005 20200117091349.0
006 m d f
007 cr bn mmmapmmp
008 100823s2010 dcu o f000 0 eng d
035 |a chdc201001148 
040 |a UMI  |c UMI  |d UtOrBLW 
042 |a pcc 
043 |a n-us--- 
074 |a 1041-A 
086 0 |a Y 4.C 73/7:S.HRG.111-443 
110 1 |a United States.  |b Congress.  |b Senate.  |b Committee on Commerce, Science, and Transportation.  |b Subcommittee on Science and Space.  |0 http://id.loc.gov/authorities/names/no2006023447 
245 1 0 |a NASA fiscal year 2010 budget request :  |b hearing before the Subcommittee on Science and Space of the Committee on Commerce, Science, and Transportation, United States Senate, One Hundred Eleventh Congress, first session, May 21, 2009. 
246 3 |a National Aeronautics and Space Administration fiscal year 2010 budget request 
264 1 |a Washington :  |b U.S. G.P.O.,  |c 2010. 
264 2 |a Washington :  |b For sale by the Supt. of Docs., U.S. G.P.O. 
300 |a iii, 37 pages, digital, PDF file. 
336 |a text  |b txt  |2 rdacontent 
337 |a computer  |b c  |2 rdamedia 
338 |a online resource  |b cr  |2 rdacarrier 
490 1 |a S. hrg. ;  |v 111-443 
500 |a Shipping list number: 2010-0281-P. 
500 |a Record is based on bibliographic data in ProQuest Congressional Hearings Digital Collection. Reuse except for individual research requires license from ProQuest, LLC. 
500 |a Electronic resource. 
533 |a Electronic reproduction.  |b [Bethesda, Md.] :  |c ProQuest,  |d 2010.  |e digital, PDF file.  |n ProQuest U.S. Congressional Hearings Digital Collection.  |n Mode of access: World Wide Web via ProQuest website. 
538 |a System requirements: PDF reader software. 
610 1 0 |a United States.  |b National Aeronautics and Space Administration  |x Appropriations and expenditures. 
650 0 |a Astronautics  |z United States  |x Finance. 
650 0 |a Space sciences  |z United States  |x Finance. 
776 0 8 |i Print version:   |a United States. Congress. Senate. Committee on Commerce, Science, and Transportation. Subcommittee on Science and Space.  |t NASA fiscal year 2010 budget request  |w 9780160858475  |w 016085847X  |w (OCoLC)638940542  |z 2010478512 
776 0 8 |i Microfiche version:   |a United States. Congress. Senate. Committee on Commerce, Science, and Transportation. Subcommittee on Science and Space.  |t NASA fiscal year 2010 budget request  |d [Bethesda, Md.] : ProQuest,[2010]  |o CIS 2010 S261-19  |w (ProQuest)cis01002852  
810 1 |a United States.  |b Congress.  |b Senate.  |t S. hrg. ;  |v 111-443.  |0 http://id.loc.gov/authorities/names/n83707917 
856 4 0 |u http://proxy.library.tamu.edu/login?url=http://search.proquest.com/congcomp/getdoc?HEARING-ID=HRG-2009-CST-0027  |y Electronic resource (PDF)  |t 0 
998 |a cis01002852  
999 f f |s 00585723-14d9-3f21-b8d8-3de9cb944b2e  |i 7fa8dad1-227a-3931-be50-23900c05d0c0  |t 0 
952 f f |a Texas A&M University  |b College Station  |c Electronic Resources  |d Available Online  |t 0  |e Y 4.C 73/7:S.HRG.111-443  |h Superintendent of Documents classification 
998 f f |a Y 4.C 73/7:S.HRG.111-443  |t 0  |l Available Online